[Event "Graz op"]
[Site "Graz"]
[Date "2015.09.04"]
[Round "7"]
[White "Spindelboeck, Gernot"]
[Black "Marzano, Carlo"]
[Result "1/2-1/2"]
[WhiteElo "2261"]
[BlackElo "2129"]
[PlyCount "163"]
[EventDate "2015.08.29"]
[EventType "swiss"]
[EventRounds "9"]
[EventCountry "AUT"]
[SourceTitle "EXT 2016"]
[Source "ChessBase"]
[SourceDate "2015.10.08"]
[SourceVersion "1"]
[SourceVersionDate "2015.10.08"]
[SourceQuality "1"]

1. d4 d5 2. c4 c6 3. Nf3 Nf6 4. Nc3 a6 5. a4 e6 6. g3 dxc4 7. Bg2 c5 8. dxc5 Qxd1+ 9. Nxd1 Bxc5 10. Ne5 Ke7 11. 0-0 Nd5 12. Ne3 Nxe3 13. Bxe3 Bxe3 14. fxe3 f6 15. Nxc4 Nc6 16. Nb6 Rb8 17. Bxc6 bxc6 18. a5 Rd8 19. Rfd1 Rxd1+ 20. Rxd1 e5 21. Kf2 Be6 22. b4 f5 23. h4 Rb7 24. Ke1 Rb8 25. Rd3 Rf8 26. Kd2 Rf6 27. Ke1 Rg6 28. Kf2 Rg4 29. Rc3 Kd6 30. Rd3+ Ke7 31. Rc3 Rxb4 32. Rxc6 Rb5 33. e4 fxe4 34. Rc7+ Kf6 35. Ke3 Rxa5 36. Nd7+ Kf5 37. g4+ Kxg4 38. Nc5 Bf5 39. Rxg7+ Kxh4 40. Nd7 Ra3+ 41. Kf2 Bxd7 42. Rxd7 h5 43. Rd5 Kg4 44. Rxe5 e3+ 45. Kg2 h4 46. Re4+ Kg5 47. Re8 Kf4 48. Rf8+ Ke4 49. Rh8 Kd4 50. Kf3 h3 51. Rh4+ Kc5 52. Rh5+ Kd4 53. Rh4+ Ke5 54. Rxh3 a5 55. Rh5+ Kf6 56. Rb5 a4 57. Ra5 Ke6 58. Ke4 Kd6 59. Kd4 Kc6 60. Ra8 Kd6 61. Ra6+ Kd7 62. Ke4 Kd8 63. Ra7 Kc8 64. Kd4 Kb8 65. Ra5 Kb7 66. Ke4 Kb6 67. Ra8 Kc5 68. Rc8+ Kb4 69. Rb8+ Kc4 70. Rc8+ Kb3 71. Kxe3 Kb2+ 72. Kd4 Rb3 73. e4 a3 74. Ra8 a2 75. Rxa2+ Kxa2 76. e5 Ka3 77. e6 Rb8 78. Kd5 Kb4 79. e7 Kb5 80. Kd6 Kb6 81. Kd7 Rb7+ 82. Kd6 1/2-1/2

[Event "Graz op-A"]
[Site "Graz"]
[Date "2015.02.15"]
[Round "4"]
[White "Bellia, Fabrizio"]
[Black "Spindelboeck, Gernot"]
[Result "1-0"]
[WhiteElo "2405"]
[BlackElo "2292"]
[PlyCount "185"]
[EventDate "2015.02.13"]
[EventType "swiss"]
[EventRounds "9"]
[EventCountry "AUT"]
[SourceTitle "CBM 164 Extra"]
[Source "ChessBase"]
[SourceDate "2015.03.02"]
[SourceVersion "1"]
[SourceVersionDate "2015.03.02"]
[SourceQuality "1"]

1. e4 e6 2. d4 d5 3. Nd2 Nf6 4. e5 Nfd7 5. Bd3 c5 6. c3 Nc6 7. Ne2 cxd4 8. cxd4 f6 9. exf6 Nxf6 10. Nf3 Bd6 11. 0-0 0-0 12. Bf4 Bxf4 13. Nxf4 Ne4 14. Qc1 Ng5 15. Nxg5 Qxg5 16. Bxh7+ Kxh7 17. Nxe6 Qf5 18. Nxf8+ Qxf8 19. Qg5 Qf5 20. Qxf5+ Bxf5 21. Rfe1 Rd8 22. Rad1 g5 23. h3 Bg6 24. Re6 Kg7 25. Rd2 Rd7 26. f3 Kf7 27. Re3 Kg7 28. Kf2 a6 29. g3 Bb1 30. b3 Bg6 31. Kg2 Bh7 32. Re6 Bf5 33. Re1 Bg6 34. Re3 Kf6 35. g4 Kg7 36. Rc3 Re7 37. Rc5 Bf7 38. Kf2 Re8 39. Rc1 Bg6 40. Re1 Rf8 41. Kg3 Rf6 42. Rf1 Rf8 43. Re1 Rf6 44. Rc1 Rf4 45. Rcd1 Rf8 46. Rf1 Rf6 47. Rff2 Rf8 48. h4 gxh4+ 49. Kxh4 Rh8+ 50. Kg3 Rh1 51. Kg2 Re1 52. Rf1 Re8 53. Kf2 Rh8 54. Kg3 Re8 55. Rc1 Re7 56. Kf2 Re8 57. Re1 Rh8 58. Kg3 Kf6 59. Kg2 Rh7 60. Kg3 Rh8 61. Red1 Re8 62. Kf4 Rf8 63. Re1 Kg7+ 64. Kg3 Kf6 65. Ree2 Rh8 66. Rh2 Re8 67. Kf4 Rf8 68. Rhe2 Kg7+ 69. Kg3 Kf6 70. Re1 Rh8 71. Rc1 Re8 72. Rc5 Bf7 73. Kf4 Re1 74. Rc3 Bg6 75. Re3 Rf1 76. Ree2 Ra1 77. Rh2 Nb4 78. g5+ Kg7 79. Ke5 Re1+ 80. Kd6 Bf7 81. f4 Re6+ 82. Kc7 Re7+ 83. Kb6 Kg6 84. Rh6+ Kf5 85. Rf6+ Kg4 86. g6 Bg8 87. Rg2+ Kf3 88. Rh2 Nc6 89. Kc5 Ke3 90. Rf8 Rg7 91. f5 Nxd4 92. Re8+ Kd3 93. Rh3+ 1-0